01502 a2200277 45000010006000000050017000060080041000230030015000640400040000790800048001192450063001670200022002302640041002523000018002935050608003110410008009191000030009277000021009577000030009787000020010087000023010287000029010517000026010807000023011068560095011295669120260407155830.0260407a2022 arg spa dAR-UNSa-BCEJYS aAR-UNSa-BCEJYSbspacAR-UNSa-BCEJYS a378.4(826.7)xUniversidad Nacional de Salta10aEl origen y creación de la Universidad Nacional de Salta a978-987-698-392-1 1aSalta :bMundo Gráfico Saltac2022 a78 p.c22 cm. a1. Palabras preliminares / Roberto Ovejero – 2. Recuerdos del “Negro” Ovejero / Arturo López Dávalos – 3. Mis recuerdos del profesor Ovejero / Víctor José Passamai – 4. Semblanza de mi Maestro / Fabiana Laguna – 5. Mis recuerdos del Ing. Ovejero y la obra civil de la UNSa / Carlos A. Alonso Benavides – 6.vida y obra del Ing. Roberto G. Ovejero / Ricardo N. Alonso – 7. Palabras oficiales en las exequias del Ingeniero Ovejero / Juan Francisco Ramón – 8. Recuerdos acerca de la creación de la Universidad Nacional de Salta: mi testimonio y legado / Roberto German Ovejero  aspa1 aOvejero, Roberto Germán1 aOvejero, Roberto1 aLópez Dávalos, Arturo1 aLaguna, Fabiana1 aPassamai, Víctor1 aAlonso Benavides, Carlos1 aRamos, Juan Francisco1 aAlonso, Ricardo N.41uhttps://biblioeco.unsa.edu.ar/pmb/images/libros/L128587.jpgyImagen de portadaqimage/jpeg